[Event "Saratov Region-ch Seniors"]
[White "Zhidov, Nikolay"]
[Black "Kovaliov, Nikolay"]
[Site "Saratov"]
[Round "7"]
[Result "0-1"]
[Date "2017.11.07"]
[WhiteElo "1544"]
[BlackElo "2122"]
[PlyCount "152"]
[EventDate "2017.11.01"]
[EventType "swiss"]
[EventRounds "9"]
[EventCountry "RUS"]
[SourceTitle "EXT 2019"]
[Source "ChessBase"]
[SourceDate "2018.10.10"]
[SourceVersion "1"]
[SourceVersionDate "2018.10.10"]
[SourceQuality "1"]

1. d4 Nf6 2. Nf3 c5 3. dxc5 Qa5+ 4. Qd2 Qxc5 5. Qc3 e6 6. Bf4 Nc6 7. Qxc5 Bxc5 8. a3 d5 9. Nc3 a6 10. e3 Bd7 11. Bd3 Rc8 12. 0-0 b5 13. Ne5 Ke7 14. h3 h6 15. Ne2 Be8 16. Rfd1 Bb6 17. Bh2 Na5 18. b3 Ne4 19. Rac1 Nc3 20. Nxc3 Rxc3 21. Nf3 f6 22. Nd4 Bd7 23. Ne2 Rc6 24. Nd4 Rc3 25. Ne2 Rcc8 26. Kf1 e5 27. Bg6 Be6 28. Ng3 Rhd8 29. Ke1 Rc3 30. Rd3 Nxb3 31. Rxc3 Nxc1 32. Rc6 Rd6 33. Rxd6 Kxd6 34. Kd2 Na2 35. Bf5 Bf7 36. c3 Ba5 37. Ne2 Nxc3 38. Nxc3 d4 39. exd4 b4 40. dxe5+ fxe5 41. axb4 Bxb4 42. Kd3 a5 43. Kc2 Bc4 44. Bd3 Bf7 45. Kb2 Be8 46. f4 exf4 47. Bxf4+ Ke6 48. Bc4+ Kf5 49. Bc7 h5 50. Nd5 Be1 51. Nc3 Bc6 52. g3 h4 53. g4+ Kg5 54. Bf1 a4 55. Nb1 Bg3 56. Ba5 Kf4 57. Nd2 Ke3 58. Kc1 Kf2 59. Bb6+ Ke1 60. Ba5 Bf4 61. Bc4 Kf2 62. Bb6+ Ke1 63. Ba5 Bg2 64. Kc2 Kf2 65. Bd3 Kg3 66. Ne4+ Kxh3 67. Nf2+ Kg3 68. Be1 h3 69. Nxh3+ Kxh3 70. Bf5 g5 71. Kb2 Bc6 72. Ka3 Bc1+ 73. Ka2 a3 74. Kb1 Bb2 75. Bd2 Bd5 76. Bxg5 Be5 0-1